000 00820nam a22002777a 4500
001 34007
003 DO-SdBNP
005 20171208135717.0
007 34007
008 000531s1999 sp | ||| ||spa
016 7 _2BPMSU
020 _a8481302163
040 _aBPMSU
_bspa
_cBPMSU
100 1 _aFuentes, Carlos
_d1928-2012
245 1 0 _aGringo viejo /
_cCarlos Fuentes ; prólogo de Antonio Hernández
260 _aMadrid :
_bMilenium
_c1999
300 _a156 p. :
_c22 cm
490 _aMillenium.Las 100 joyas del milenio
_v97
490 _aBiblioteca El mundo
700 _aHernández, Antonio
_epról.
830 _pMillenium.Las 100 joyas del milenio
_v97
856 _u10
_y20151105
942 _2ddc
_cBK
945 _aInventariado extranjero / 2017 YL
956 _2VMATEO
_310
_620151105
_8BPMSU
_a00151
999 _c8567
_d8567